Personnages historiques Partie II - Statistiques

Statistiques générales
  • Ce quiz a été pris 79 fois
  • Le résultat moyen est 4 sur 16
Statistiques - réponses
Par images Réponse % Correct
Rosa Parks
84%
Charlemagne
73%
Gengis Khan
70%
Geronimo
52%
Attila
51%
Augusto Pinochet
30%
Richard Cœur de Lion
29%
Haïlé Sélassié
22%
Frédéric II
13%
Slobodan Milosevic
8%
Jim Jones
6%
Cai Lun
3%
Griselda Blanco
3%
Jozef Pilsudski
3%
Emilie Plater
0%
Seretse Khama
0%
Aucun quiz correspondant
Distribution des résultats
% des personnes avec chaque résultat
Percentile par nombre de réponses
Votre historique - résultats
Vous n’avez pas pris ce quiz